1903 1030 1059 1884 1732 1247 1856 1682 1618 1259 1575 1005 1526 1656 1016 1172 1162 1340 1623 1136 1393 1216 1300 1400 1381 1390 1787 1092 1479 1345 1623 1415 1721 1007 1980 1699 1526 1623 1814 1745 1682 1151 1531 1781 1992 1505 1644 1400 1675 1709 1550 1027 1323 1903 1673 1333 1783 1823 1727 1324 1729 1332 1749 1738 1139 1078 1854 1766 1757 1315 1317 1784 1131 1414 1209 1577 1567 1311 1642 1741 1495 1471 1926 1527 1906 1111 1490 1323 1502 1480 1475 1651 1966 1358 1011 1388 1919 1856 1095 BCNSPRNW ULIB Ver.6.0+V

เปลี่ยนเป็นภาษาไทย

Change to English
 แสดงรายละเอียดบรรณานุกรม
  กลับหน้าหลัก

Brief Record : Get Marc (ISO 2709) : E-mail record : QR code < ปิดหน้าต่าง
LEADER : 00000nam 2200000uu 4500
001    13399120744
003     ULIB
008    121005s2551||||th 000 0 tha d
020    ^a9789749421475
050 04 ^aBQ4190^bม287ก 2551
100 0  ^aชวอตซ์, มอร์รี เอส
245 10 ^aการปล่อยวาง :^bข้อคิดจากการดำรงชีวิตขณะเผชิญความตาย /^cMorrie S. Schwartz ; วัลลี สุวจิตตานนท์ แปล
250    ^aพิมพ์ครั้งที่ 2
260    ^aกรุงเทพฯ :^bมายด์,^c2551
300    ^a150 หน้า :^bภาพประกอบ
650  2 ^aAmyotrophic lateral sclerosis
700 00 ^aวัลลี สุวจิตตานนท์,^eผู้แปล
945    ^p129^l0^i17657
995    ^aวิภา
999 ^a ใช้งานได้ทุกระบบ
รายการนี้ยังไม่มีแท็ก
คุณยังไม่ได้ล็อกอิน คุณสามารถมีกิจกรรมร่วมกับเว็บไซต์ได้ แต่ต้องล็อกอินก่อน ::
  ล็อกอิน

รายการสื่อสารสนเทศ

ลำดับที่ ประเภท เลขเรียก/บาร์โค้ด สถานที่ สถานะ
1. วิทยาศาสตร์การแพทย์ และสุขภาพ
วิทยาศาสตร์การแพทย์ และสุขภาพ
BQ4190 ม287ก 2551  
  Barcode: 17657
ห้องสมุดวิทยาเขตสวรรค์ประชารักษ์
►หนังสือทั่วไป
บนชั้น

รายการใกล้เคียง
    ผู้แต่ง [ชวอตซ์, มอร์รี เอส]

    หัวเรื่อง [Amyotrophic lateral sclerosis]

BibComment


ยังไม่เคยถูกคอมเมนท์

คอมเมนท์ทรัพยากรรายการนี้
  คอมเมนท์: การปล่อยวาง ข้อ..


 Copyright 2026. Bcnsprnw @Library